00448nam a22001457a 4500020002200000082001400022100001800036245004600054260004600100300000800146650001300154942000700167952011100174999001700285 a978-0-231-11265-9 a294.5 ECK aEck, Diana L. aDarsan: Seeing the divine image in India aNew YorkbColumbia University Pressc1996 a115 aHinduism cBK 00104070aHMIbHMIcGENd2017-06-07g200.00l1o294.5 ECKp25257r2020-01-22s2020-01-20w2017-06-07yBK c20448d20448